LEADER 01308njm a2200253 4500 001 000000345033 003 CaOOAMICUS 005 20210830151540.0 008 210322s2018 fr msud d u ita r 040 $aSeMil$bita 100 1 $aPergolesi, Giovanni Battista.$0(OLS)http://semarc/name/74125 245 10$aMessa in Re maggiore ; Mottetto "Dignas laudes resonemus" /$cGiovanni Battista Pergolesi ; Coro e orchestra Ghislieri ; [conductor] Giulio Prandi ; [soprano] Marlis Peterson ; [alto] Marta Fumagalli. 264 1$aFrance :$bOuthere Music,$c2018. 300 $a1 CD (1 h 11 min 18 s) + 1 brochure 518 $aRecorded 18-19, 21-22 May 2016 at the Aula Magna of Collegio Ghislieri, Pavia, Italy 650 4$aPergolesi, Giovanni Battista.$0(OLS)http://semarc/subject/19178 700 1 $aPetersen, Marlis.$0(OLS)http://semarc/name/113332 700 1 $aFumagalli, Marta.$0(OLS)http://semarc/name/113333 700 1 $aPrandi, Giulio.$0(OLS)http://semarc/name/113334 850 $aSeMil 852 $aSeMil$W1$xVenegono$y1$mMM A 148$j225130$B236096$CSeMilBibl$Z2$F236096 $8I 996 $6245$aMessa in Re maggiore ; Mottetto "Dignas laudes resonemus"$9(OLS)http://semarc/title/434131 996 $6264$aFrance :$bOuthere Music$9(OLS)http://semarc/publisher/59643 LEADER 01194nam a2200265 i 4500 001 000000116104 003 CaOOAMICUS 005 20090723000000.0 008 090723s1991 it u000 u ita u 013 $a88793 020 $a88-384-1568-4 040 $aSeMil$bita 100 1 $aNegri, Luigi,$c.$0(OLS)http://semarc/name/10368 245 13$aLa nuova evangelizzazione :$ble encicliche trinitarie di Giovanni Paolo 2. /$cLuigi Negri. 260 $aCasale Monferrato (AL) :$bPiemme,$c1991. 300 $a94 p. ;$c21 cm. 500 $aCopia autografa dell'Autore. - Fondo Card. C.M. Martini. 650 4$aGiovanni Paolo II - Encicliche - Commentari e studi.$0(OLS)http://semarc/subject/16833 850 $aSeMil 852 $aSeMil$W1$xVenegono$y1$m2A III 93$j71585$B71585$CSeMilBibl$Z2$F91122 $81 941 1 $a4 961 $aOmaggio: Martini Card. Carlo Maria 996 $6020$a88-384-1568-4$9(OLS)http://semarc/number/100134 996 $6245$aLa nuova evangelizzazione :$ble encicliche trinitarie di Giovanni Paolo 2.$9(OLS)http://semarc/title/170196 996 $6260$aCasale Monferrato (AL) :$bPiemme$9(OLS)http://semarc/publisher/30052